000
00205 a2200097 4500
001
2444
100
_a
Bure
245
_a
Handbook of Supersonic Aerodynamics
260
_a
_b
US Govt
_c
090
_c
1777
_d
1777
942
_a
NUST-CAE
_c
M
_c
8635
999
_c
237517
_d
237517